| 000 | 00720cam a2200253 4500500 | ||
|---|---|---|---|
| 005 | 20260405003841.0 | ||
| 041 | _afre | ||
| 042 | _adc | ||
| 100 | 1 | 0 |
_aLarmagnac-Matheron, Octave _eauthor |
| 245 | 0 | 0 | _aLe cerveau à la carte ? |
| 260 | _c2024. | ||
| 500 | _a93 | ||
| 690 | _aCarte | ||
| 690 | _aCerveau | ||
| 690 | _aConnexion | ||
| 690 | _aIntelligence Artificielle | ||
| 690 | _aLudwig Wittgenstein | ||
| 690 | _aMatérialisme | ||
| 690 | _aNeurone | ||
| 690 | _aNeurosciences | ||
| 690 | _aRéseau | ||
| 786 | 0 | _nPhilosophie magazine | 181 | 6 | 2024-07-01 | p. 2-2 | 1951-1787 | |
| 856 | 4 | 1 | _uhttps://shs.cairn.info/magazine-philosophie-magazine-2024-6-page-2?lang=fr&redirect-ssocas=7080 |
| 999 |
_c2071437 _d2071437 |
||